Statistics for 10 countries with most beautiful women

Click here to take the quiz!

General Stats

  • This quiz has been taken 88 times
  • The average score is 7 of 10

Answer Stats

HintAnswer% Correct
3Brazil
92%
2Russia
88%
1United States
86%
7Sweden
77%
9Italy
74%
8Colombia
58%
4Ukraine
58%
5India
57%
6Venezuela
55%
10Philippines
29%

Score Distribution

Percentile by Number Answered

Percent of People with Each Score

Your Score History

You have not taken this quiz